Informe pronunciado en defensa de Pedro Arranz y Cirbian ante la Audiencia de Madrid en la vista de la causa incoada a virtud de querella de Jose Maldonado y Marzo y seguida por los supuestos delitos de allanamiento de morada y usurpacion. (Record no. 158560)

MARC details
000 -LEADER
campo de control de longitud fija 00972nam a2200193 i 4500
001 - NÚMERO DE CONTROL
campo de control 158560
003 - IDENTIFICADOR DE NÚMERO DE CONTROL
campo de control ES-MaACL
005 - FECHA Y HORA DE LA ÚLTIMA TRANSACCIÓN
campo de control 20230906211211.0
008 - DATOS DE LONGITUD FIJA--INFORMACIÓN GENERAL
campo de control de longitud fija 990902s1877 sp |||| | spa d
040 ## - FUENTE DE CATALOGACIÓN
Centro catalogador/agencia de origen CCPB | B
Lengua de catalogación spa
Centro/agencia transcriptor CCPB | B
100 1# - ENTRADA PRINCIPAL--NOMBRE DE PERSONA
Nombre de persona Zafra, Diego José Rodríguez de Bahamonde Lanz
Títulos y otros términos asociados al nombre Marqués de.
9 (RLIN) 134009
245 10 - MENCIÓN DEL TÍTULO
Título Informe pronunciado en defensa de Pedro Arranz y Cirbian ante la Audiencia de Madrid en la vista de la causa incoada a virtud de querella de Jose Maldonado y Marzo y seguida por los supuestos delitos de allanamiento de morada y usurpacion.
260 ## - PUBLICACIÓN, DISTRIBUCIÓN, ETC.
Lugar de publicación, distribución, etc. Madrid :
Nombre del editor, distribuidor, etc. [s.n.],
Fecha de publicación, distribución, etc. 1877 (
Fabricante Imprenta de T. Fortanet)
300 ## - DESCRIPCIÓN FÍSICA
Extensión 91 p. ;
Dimensiones 27 cm.
594 ## - Nota al título y mención de responsabilidad
Nota al título y mención de responsabilidad Precede al tít.: Trabajos forenses del doctor don Diego de Bahamonde y de Lanz.
600 14 - PUNTO DE ACCESO ADICIONAL DE MATERIA--NOMBRE DE PERSONA
Nombre de persona Maldonado y Marzo, Jose.
9 (RLIN) 129375
700 1# - ENTRADA AGREGADA--NOMBRE PERSONAL
Nombre de persona Arranz y Cirbian, Pedro.
9 (RLIN) 125717
852 ## - LOCALIZACIÓN
Ubicación ES-MaACL
Número de control de estantería T-781-F-4
Nota libre -- Enc. hol. conservando la cub. original
-- -- Enc. en un vol. facticio
Holdings
Estatus retirado Estado de pérdida Estado de daño No para préstamo Colección Biblioteca de origen Biblioteca actual Ubicación en estantería Fecha de adquisición Total de préstamos Signatura topográfica completa Código de barras Visto por última vez Precio de reemplazo Tipo de ítem Koha
        Colección de folletos Biblioteca del Ateneo de Madrid Biblioteca del Ateneo de Madrid Depósito folletos 17/01/2008   T-781-F-4 1165960 23/02/2023 23/02/2023 Folleto